[Event "Polanica Zdroj op-B 42nd"]
[Site "Polanica Zdroj"]
[Date "2006.08.20"]
[Round "1"]
[White "Tust, Dominika"]
[Black "Gluszko, Monika"]
[Result "1-0"]
[WhiteElo "2029"]
[BlackElo "1778"]
[PlyCount "75"]
[EventDate "2006.08.20"]
[EventType "swiss"]
[EventRounds "7"]
[EventCountry "POL"]
[SourceTitle "CBM 113 Extra"]
[Source "ChessBase"]
[SourceDate "2006.09.14"]
[SourceVersion "1"]
[SourceVersionDate "2006.09.14"]
[SourceQuality "1"]

1. d4 Nf6 2. Nf3 g6 3. c4 Bg7 4. Nc3 d5 5. e3 c5 6. Qb3 cxd4 7. exd4 dxc4 8. Bxc4 0-0 9. 0-0 Nc6 10. Rd1 Qc7 11. Nd5 Nxd5 12. Bxd5 Bg4 13. Be3 e6 14. Be4 Rfd8 15. Rac1 Qd7 16. d5 Bxf3 17. Bxf3 Ne5 18. Be4 Ng4 19. dxe6 Qxe6 20. Bd5 Qf6 21. Rc7 Rf8 22. Qxb7 Rab8 23. Qxa7 Rxb2 24. h3 Nxe3 25. Qxe3 Qh4 26. Rxf7 Rb5 27. Rb7+ Rxd5 28. Rxd5 Qf6 29. Rdd7 Qa1+ 30. Kh2 Be5+ 31. g3 Qxa2 32. Rd2 Qa5 33. Re7 Bf6 34. Qe6+ Kh8 35. Re8 Bg7 36. Rxf8+ Bxf8 37. Qf7 Qc5 38. Rd7 1-0

[Event "POL-ch (Women)"]
[Site "Lublin"]
[Date "1993.??.??"]
[Round "5"]
[White "Tust, Dominika"]
[Black "Bednarska Bzdega, Malgorzata"]
[Result "0-1"]
[WhiteElo "2105"]
[BlackElo "2180"]
[PlyCount "114"]
[EventDate "1993.??.??"]
[EventType "tourn"]
[EventRounds "13"]
[EventCountry "POL"]
[SourceTitle "EXT 1999"]
[Source "ChessBase"]
[SourceDate "1998.11.16"]
[SourceVersion "1"]
[SourceVersionDate "1998.11.16"]
[SourceQuality "1"]

1. Nf3 Nf6 2. g3 b6 3. Bg2 Bb7 4. 0-0 d5 5. d3 e6 6. Nbd2 Nbd7 7. Re1 Bc5 8. b3 0-0 9. Bb2 a5 10. a3 Qe7 11. d4 Bd6 12. Ne5 c5 13. e3 a4 14. c4 Ra7 15. bxa4 Rfa8 16. a5 Rxa5 17. Qb3 cxd4 18. exd4 Bxa3 19. Nxd7 Nxd7 20. Bc3 R5a7 21. cxd5 Nf8 22. dxe6 fxe6 23. Bxb7 Qxb7 24. Nc4 Be7 25. Rab1 b5 26. Ne3 Ra3 27. Qb2 Qf3 28. Qe2 Qxe2 29. Rxe2 Rxc3 30. Rxb5 Rd3 31. d5 exd5 32. Nxd5 Bd6 33. Ne7+ Bxe7 34. Rxe7 Rd7 35. Re2 Rad8 36. Rbb2 g5 37. Kg2 Ng6 38. h3 Kg7 39. Rb5 h6 40. Rbb2 Rd5 41. Re6 R5d6 42. Rb7+ R8d7 43. Rxd7+ Rxd7 44. Re2 Kf6 45. Rb2 Rd6 46. Ra2 Ne5 47. Rc2 h5 48. Ra2 g4 49. hxg4 hxg4 50. Kf1 Kf5 51. Rb2 Nf3 52. Ke2 Ke4 53. Rb1 Rd3 54. Ra1 Nd4+ 55. Kf1 Kf3 56. Rc1 Ne2 57. Ra1 Rc3 0-1

[Event "POL-ch (Women)"]
[Site "Lublin"]
[Date "1993.??.??"]
[Round "7"]
[White "Tust, Dominika"]
[Black "Kurlenda, Alicja"]
[Result "1-0"]
[WhiteElo "2105"]
[BlackElo "2110"]
[PlyCount "73"]
[EventDate "1993.??.??"]
[EventType "tourn"]
[EventRounds "13"]
[EventCountry "POL"]
[SourceTitle "EXT 1999"]
[Source "ChessBase"]
[SourceDate "1998.11.16"]
[SourceVersion "1"]
[SourceVersionDate "1998.11.16"]
[SourceQuality "1"]

1. Nf3 Nf6 2. g3 d6 3. Bg2 e5 4. d3 g6 5. Nbd2 Bg7 6. 0-0 0-0 7. e4 c6 8. c3 Qc7 9. d4 Re8 10. Re1 a5 11. dxe5 dxe5 12. Nc4 b5 13. Qd6 Na6 14. Qxc7 Nxc7 15. Ncxe5 h6 16. Nxc6 Bb7 17. Nfd4 Ra6 18. Bf4 Bxc6 19. Bxc7 Bd7 20. e5 Ng4 21. f4 h5 22. h3 Nh6 23. Nb3 Nf5 24. Nc5 Rc6 25. Bxc6 Bxc6 26. Kf2 a4 27. Rad1 Bf8 28. Ne4 Kg7 29. Bd6 Nxd6 30. Nxd6 Rb8 31. b4 axb3 32. axb3 Ra8 33. Ra1 Rd8 34. Ra6 Bd5 35. c4 bxc4 36. bxc4 Bxd6 37. Rxd6 1-0

[Event "POL-ch (Women)"]
[Site "Lublin"]
[Date "1993.??.??"]
[Round "11"]
[White "Tust, Dominika"]
[Black "Walkusz, Malgorzata"]
[Result "0-1"]
[WhiteElo "2105"]
[BlackElo "2045"]
[PlyCount "72"]
[EventDate "1993.??.??"]
[EventType "tourn"]
[EventRounds "13"]
[EventCountry "POL"]
[SourceTitle "EXT 1999"]
[Source "ChessBase"]
[SourceDate "1998.11.16"]
[SourceVersion "1"]
[SourceVersionDate "1998.11.16"]
[SourceQuality "1"]

1. Nf3 Nf6 2. g3 g6 3. Bg2 Bg7 4. 0-0 0-0 5. d3 d5 6. Nbd2 Nc6 7. h3 e5 8. e4 dxe4 9. dxe4 Qe7 10. c3 a5 11. Qa4 h6 12. Re1 Be6 13. Nf1 Nd7 14. Ne3 Nc5 15. Qb5 Rfd8 16. Nd5 Bxd5 17. exd5 Na7 18. Qxa5 Rxd5 19. b4 b6 20. Qa3 Nd3 21. Rd1 e4 22. Nd4 Bxd4 23. cxd4 Rxd4 24. Bxh6 Kh7 25. Be3 Rdd8 26. Rab1 Nb5 27. Qb3 Ra3 28. Qc4 Nc3 29. h4 Nxd1 30. Bg5 f6 31. Rxd1 Nb2 32. Bxf6 Rxd1+ 33. Kh2 Nxc4 34. Bxe7 Rxa2 35. Bxe4 Rxf2+ 36. Kh3 Re1 0-1

[Event "Polanica Zdroj op"]
[Site "Polanica Zdroj"]
[Date "1992.??.??"]
[Round "4"]
[White "Malevinsky, Alexander A"]
[Black "Tust, Dominika"]
[Result "1-0"]
[WhiteElo "2390"]
[BlackElo "2070"]
[PlyCount "110"]
[EventDate "1992.??.??"]
[EventType "swiss"]
[EventRounds "10"]
[EventCountry "POL"]
[SourceTitle "EXT 1998"]
[Source "ChessBase"]
[SourceDate "1997.11.17"]
[SourceVersion "1"]
[SourceVersionDate "1997.11.17"]
[SourceQuality "1"]

1. e4 c6 2. d4 d5 3. Nd2 dxe4 4. Nxe4 Bf5 5. Ng3 Bg6 6. Bc4 e6 7. N1e2 h6 8. 0-0 Bd6 9. Nf4 Bxf4 10. Bxf4 Nf6 11. c3 0-0 12. Qe2 Re8 13. Rad1 Nbd7 14. Rfe1 Rc8 15. Qf3 Nd5 16. Bc1 N7f6 17. h3 Qc7 18. Bf1 b5 19. Bd2 Qb6 20. b3 Nd7 21. Ne4 c5 22. c4 bxc4 23. bxc4 Bxe4 24. Rxe4 N5f6 25. dxc5 Qc6 26. Re3 Nxc5 27. Qxc6 Rxc6 28. Be1 Rb8 29. Ra3 a6 30. Bc3 Nfd7 31. f3 f6 32. Kf2 Kf7 33. Ke3 e5 34. h4 Ke7 35. g3 Rd6 36. Re1 Rdb6 37. Rc1 Rb1 38. Kd2 R8b6 39. Kc2 Rxc1+ 40. Kxc1 Nf8 41. Ba5 Rb7 42. Re3 Kd6 43. Bg2 Rb8 44. f4 Nfe6 45. fxe5+ fxe5 46. Bd5 Nd7 47. a3 Nec5 48. Kc2 Rf8 49. Bb4 Rf2+ 50. Kd1 Ra2 51. Rf3 Nf6 52. Rd3 Nfd7 53. Bf3+ Kc7 54. Rd5 Nb3 55. Ke1 Rc2 1-0

[Event "POL-ch (Women)"]
[Site "Poland"]
[Date "1991.??.??"]
[Round "6"]
[White "Sosnowska, Elzbieta"]
[Black "Tust, Dominika"]
[Result "1/2-1/2"]
[WhiteElo "2130"]
[BlackElo "2095"]
[PlyCount "122"]
[EventDate "1991.??.??"]
[EventType "tourn"]
[EventRounds "13"]
[EventCountry "POL"]
[SourceTitle "EXT 1997"]
[Source "ChessBase"]
[SourceDate "1996.11.15"]
[SourceVersion "1"]
[SourceVersionDate "1996.11.15"]
[SourceQuality "1"]

1. e4 c6 2. c4 d5 3. exd5 cxd5 4. cxd5 Nf6 5. Nc3 g6 6. Bc4 Bg7 7. Nge2 0-0 8. 0-0 Nbd7 9. Bb3 Nb6 10. Nf4 Qd6 11. d4 Bd7 12. h3 Rac8 13. a3 Rfe8 14. Re1 Nc4 15. Qe2 b5 16. Qf3 a5 17. Nd3 Nxa3 18. Nc5 a4 19. Bxa4 bxa4 20. Rxa3 Ra8 21. Bf4 Qb6 22. Be5 Bb5 23. N3xa4 Bxa4 24. Nxa4 Qb4 25. Rea1 Rad8 26. d6 Nd7 27. dxe7 Nxe5 28. dxe5 Rxe7 29. Qc3 Rb8 30. Nc5 Bxe5 31. Qxb4 Rxb4 32. Nd3 Rb5 33. Nxe5 Rexe5 34. b3 Re2 35. Rb1 Rc2 36. b4 Rc4 37. Rab3 Rc2 38. Kf1 Kg7 39. R3b2 Rc4 40. Ke2 Kf6 41. Kd3 Rc7 42. f4 Rd5+ 43. Ke4 Rb5 44. Rb3 Ke6 45. Rd1 f5+ 46. Ke3 Rc4 47. Rd4 Rc2 48. Kf3 Rc7 49. g4 fxg4+ 50. hxg4 h5 51. Re3+ Kf7 52. Kg3 hxg4 53. Kxg4 Rcb7 54. Ree4 Rc7 55. Rd3 Rcb7 56. Rb3 Kf6 57. Kf3 Rh7 58. Rbe3 Rhb7 59. Rb3 Rh7 60. Ke2 Kf5 61. Rc4 Rh2+ 1/2-1/2

[Event "POL-ch (Women)"]
[Site "Poland"]
[Date "1991.??.??"]
[Round "13"]
[White "Tust, Dominika"]
[Black "Jagodzinska, Joanna"]
[Result "1/2-1/2"]
[WhiteElo "2095"]
[BlackElo "2165"]
[PlyCount "20"]
[EventDate "1991.??.??"]
[EventType "tourn"]
[EventRounds "13"]
[EventCountry "POL"]
[SourceTitle "EXT 1997"]
[Source "ChessBase"]
[SourceDate "1996.11.15"]
[SourceVersion "1"]
[SourceVersionDate "1996.11.15"]
[SourceQuality "1"]

1. e4 c5 2. Nc3 Nc6 3. g3 g6 4. Bg2 Bg7 5. d3 d6 6. Be3 Nd4 7. Qd2 Qa5 8. f4 e6 9. Nf3 Ne7 10. 0-0 Nec6 1/2-1/2

[Event "POL-ch (Women)"]
[Site "Poland"]
[Date "1991.??.??"]
[Round "5"]
[White "Tust, Dominika"]
[Black "Sikora Gizynska, Bozena"]
[Result "0-1"]
[WhiteElo "2095"]
[BlackElo "2205"]
[PlyCount "120"]
[EventDate "1991.??.??"]
[EventType "tourn"]
[EventRounds "13"]
[EventCountry "POL"]
[SourceTitle "EXT 1997"]
[Source "ChessBase"]
[SourceDate "1996.11.15"]
[SourceVersion "1"]
[SourceVersionDate "1996.11.15"]
[SourceQuality "1"]

1. e4 c5 2. Nc3 Nc6 3. g3 g6 4. Bg2 Bg7 5. d3 d6 6. Be3 e5 7. Qd2 Nge7 8. f4 Nd4 9. Nf3 Bg4 10. 0-0 Qd7 11. fxe5 dxe5 12. Rf2 0-0 13. Raf1 b6 14. Bh6 f6 15. Bxg7 Kxg7 16. Nd1 Rad8 17. Ne3 Be6 18. b3 Nxf3+ 19. Rxf3 Nc6 20. Qf2 Qe7 21. g4 Nd4 22. Rh3 Rh8 23. Rg3 Rdf8 24. c3 Nb5 25. Qd2 Rf7 26. Nf5+ Bxf5 27. exf5 g5 28. a4 Nc7 29. d4 cxd4 30. cxd4 Rd8 31. Rd3 exd4 32. Rc1 Qe5 33. Re1 Qd6 34. Kh1 Re7 35. Rxe7+ Qxe7 36. Rxd4 Rxd4 37. Qxd4 Qe1+ 38. Qg1 Qxg1+ 39. Kxg1 Kf7 40. Kf2 Ke7 41. Ke3 Kd6 42. Kd4 Na6 43. Bd5 Nc5 44. Bc4 Nd7 45. h3 Ne5 46. Bd5 Nd3 47. Kxd3 Kxd5 48. Ke3 Kc5 49. Kd3 Kb4 50. Kc2 a6 51. Kb2 b5 52. Kc2 bxa4 53. bxa4 Kxa4 54. Kc3 Kb5 55. Kb3 a5 56. Ka3 a4 57. Kb2 Kb4 58. Kb1 Kb3 59. Ka1 Ka3 60. Kb1 Kb3 0-1

[Event "POL-chT 46th prel"]
[Site "Bydgoszcz"]
[Date "1990.09.16"]
[Round "1"]
[White "Pilarska, Czeslawa"]
[Black "Tust, Dominika"]
[Result "1-0"]
[WhiteElo "2060"]
[BlackElo "2100"]
[PlyCount "88"]
[EventDate "1990.09.16"]
[EventType "team-swiss"]
[EventRounds "6"]
[EventCountry "POL"]
[SourceTitle "EXT 2019"]
[Source "ChessBase"]
[SourceDate "2018.10.10"]
[SourceVersion "1"]
[SourceVersionDate "2018.10.10"]
[SourceQuality "1"]
[WhiteTeam "Krakow KKSz-Hutnik"]
[BlackTeam "PTLD"]
[WhiteTeamCountry "POL"]
[BlackTeamCountry "POL"]

1. e4 c6 2. d4 d5 3. exd5 cxd5 4. c4 e6 5. Nc3 Nf6 6. Nf3 Be7 7. Bd3 dxc4 8. Bxc4 0-0 9. 0-0 Nc6 10. Re1 a6 11. a3 b5 12. Ba2 Bb7 13. Bf4 b4 14. Na4 Qa5 15. axb4 Nxb4 16. Bb1 Bxf3 17. Qxf3 Qd5 18. Qd1 Qc6 19. Be5 Rad8 20. Nc3 Qb6 21. Qf3 Nc6 22. Qh3 h6 23. Na4 Qb4 24. Qc3 Nd5 25. Qxb4 Ndxb4 26. Nc5 Nxd4 27. Bxd4 Rxd4 28. Nxa6 Ra8 29. Nxb4 Rxa1 30. Nc2 Rda4 31. Nxa1 Rxa1 32. Bh7+ Kxh7 33. Rxa1 Kg6 34. Kf1 f5 35. Ke2 f4 36. Rb1 Bb4 37. f3 Kf5 38. Rc1 g5 39. h3 h5 40. Rc4 Bd6 41. Re4 g4 42. hxg4+ hxg4 43. b4 gxf3+ 44. gxf3 e5 1-0